000 00916nam a2200217Ia 4500
001 17716
003 GE_BSU
008 181216s||||||||xx |||||||||||||| ||und||
020 _a5505016819
040 _cGE_BSU
080 _a633.2:635.1
100 _aქობალია, ვახტანგ
245 _aგენეტიკურად მოდიფიცირებული მცენარეების გამოყენება სოფლის მეურნეობაში
245 _cრედ.: ტ.ჯობავა
260 _aქუთაისი
260 _c2013
300 _a40გვ.21სმ.ილ.
300 _eბიბლ.გვ.37
653 _aგენეტიკურად მოდიფიცირებული მცენარეების გამოყენება სოფლის მეურნეობაში
942 _cBK
999 _c50764
_d50764